ბათუმის შოთა რუსთაველის სახელმწიფო უნივერსიტეტის ბიბლიოთეკა

New Cutting EDGE : Elementary : (ბიბ.ჩანაწერი № 53145)

000 -LEADER
fixed length control field 00707nam a2200265Ia 4500
001 - CONTROL NUMBER
control field 20184
003 - CONTROL NUMBER IDENTIFIER
control field GE_BSU
005 - DATE AND TIME OF LATEST TRANSACTION
control field 20250701161722.0
008 - FIXED-LENGTH DATA ELEMENTS--GENERAL INFORMATION
fixed length control field 181216s2005||||enk|||||||||||||| ||eng||
020 ## - INTERNATIONAL STANDARD BOOK NUMBER
International Standard Book Number 978058282503
040 ## - CATALOGING SOURCE
Transcribing agency GE_BSU
041 ## - LANGUAGE CODE
Language code of text/sound track or separate title geo
080 ## - UNIVERSAL DECIMAL CLASSIFICATION NUMBER
Universal Decimal Classification number 811.111(076) M-85
100 ## - MAIN ENTRY--PERSONAL NAME
Personal name Moor, Peter
9 (RLIN) 25587
245 ## - TITLE STATEMENT
Title New Cutting EDGE : Elementary :
Remainder of title Workbook /
Statement of responsibility, etc. Peter Moor, Sara Cunningham, Frances Eales.
264 ## - PRODUCTION, PUBLICATION, DISTRIBUTION, MANUFACTURE, AND COPYRIGHT NOTICE
Place of production, publication, distribution, manufacture Harlow :
Name of producer, publisher, distributor, manufacturer Longman,
Date of production, publication, distribution, manufacture, or copyright notice 2005.
300 ## - PHYSICAL DESCRIPTION
Extent 112 p. ;
Dimensions 29 cm.
653 ## - INDEX TERM--UNCONTROLLED
keyword grammar
653 ## - INDEX TERM--UNCONTROLLED
keyword New Cutting EDGE
653 ## - INDEX TERM--UNCONTROLLED
keyword Elementary
653 ## - INDEX TERM--UNCONTROLLED
keyword Workbook
653 ## - INDEX TERM--UNCONTROLLED
keyword ინგლისური ენა
942 ## - ADDED ENTRY ELEMENTS (KOHA)
Koha item type წიგნი
Source of classification or shelving scheme
ეგზემპლარები
Withdrawn status Lost status Source of classification or shelving scheme Damaged status Not for loan Permanent Location Current Location Shelving location Date acquired Cost, normal purchase price Full call number Barcode Date last seen Copy number Price effective from Koha item type Public note
          ბათუმის შოთა რუსთაველის სახელმწიფო უნივერსიტეტის მთავარი ბიბლიოთეკა ბათუმის შოთა რუსთაველის სახელმწიფო უნივერსიტეტის მთავარი ბიბლიოთეკა წიგნსაცავი 2018-12-17 5.00 811.111(076) M-85 27936 2018-12-17 27936 2018-12-17 წიგნი 5.00₾.